00953nam a2200241Ia 4500001000600000003000900006008004100015040001300056040001300069041001300082100002300095100002900118245003100147245006900178250001100247260000900258260002500267260004900292300005900341500024600400650003400646650003100680F6001IT-RoPAU130308s9999 xx 000 0 und d aIT-RoPAU cIT-RoPAU aITALIANO aMarazza Antonietta gCodice Aut. SPICS: 51896 aFormazione dottrinale (La) bAtti del Convegno delle Maestre di Formazione (8-17 Luglio 1967) a1a ed. aROMA bEdizioni Paoline Fsp c1967 [1° Ed.:1967 - Ed.Ling.Originale:1967] a"24 p. (prefazione: no ; testo: 24 [pagine: 215-238])" aFormatività degli Studi. Ordinamento delle Scuole in Congregazione. caratteristiche dei Nostri Studi. Necessità di Aggiornamento. Inserimento Nei corsi Superiori. sintesi delle relazioni dei Gruppi. Puntualizzazioni in Sessione Plenaria. aAUTORI/OPERE FAMIGLIA PAOLINA eCodice materia Spics: 9903